000
00312nam a22001217a 4500
082
_a
994.06305
_b
WHE
100
_a
Wheare, K.C.
245
_a
Federal Government /
_c
K.C. Wheare
260
_a
London :
_b
Oxford University Press,
_c
1968.
300
_a
266 p. ;
_c
21 cm.
563
_a
HB.
942
_2
ddc
_c
BK
999
_c
616245
_d
616245